Электрические системы регулирования температуры: обзор иностранных изобретений

التفاصيل البيبلوغرافية
المؤلف الرئيسي: Петров Ю. Н.
مؤلف مشترك: Центральный научно-исследовательский институт патентной информации и технико-экономических исследований
اللغة:الروسية
منشور في: Москва, [Б. и.], 1968
الموضوعات:
التنسيق: MixedMaterials كتاب
KOHA link:https://koha.lib.tpu.ru/cgi-bin/koha/opac-detail.pl?biblionumber=198426

MARC

LEADER 00000nam0a2200000 4500
001 198426
005 20231031184001.0
035 |a (RuTPU)RU\TPU\book\216416 
090 |a 198426 
100 |a 20110629d1968 k y0rusy50 ca 
101 0 |a rus 
102 |a RU 
105 |a a z 000zy 
200 1 |a Электрические системы регулирования температуры  |e обзор иностранных изобретений  |f Ю. Н. Петров  |g Центральный научно-исследовательский институт патентной информации и технико-экономических исследований 
210 |a Москва  |c [Б. и.]  |d 1968 
215 |a 40 с.  |c ил. 
610 1 |a электрические системы 
610 1 |a температура 
610 1 |a регулирование 
610 1 |a патентный материал 
610 1 |a терморегуляторы 
675 |a 621.1.036.58  |v 3 
700 1 |a Петров  |b Ю. Н. 
712 0 2 |a Центральный научно-исследовательский институт патентной информации и технико-экономических исследований  |2 stltpush  |3 (RuTPU)RU\TPU\col\9504 
801 1 |a RU  |b 63413507  |c 20110629 
801 2 |a RU  |b 63413507  |c 20111031  |g RCR 
942 |c BK